000 00295nam a22001337a 4500
008 170407b xxu||||| |||| 00| 0 eng d
020 _a0683024254
041 _aeng
080 _a616
100 _a9
101 _aSHM
245 _aPEDIATRIC SURGICAL PATHOLOGY
_cDEHNER,L,P
942 _2udc
_cBK
999 _c10285
_d10285